Szczegóły MARC21

Gotthold Ephraim Lessing, 1729 bis 1781 : Ausstellung im Lessingshaus Herzog August Bibliothek Wolfenbüttel /

003 -Nazwa inst., której nr kontr. jest w polu 001 [,]
    • @
    • Nazwa instytucji, której n kontrolny jest w polu 001
    • NUKAT
005 -DATA I CZAS OSTATNIEJ MODYFIKACJI [,]
    • @
    • pole kontrolne
    • 20241231113059.0
020 -Międzynarod. znormalizowany nr książki - ISBN [ , ]
    • a
    • Numer ISBN
    • 3883730130 Find
040 -Instytucja sporządzająca opis [ , ]
    • a
    • Instytucja, która sporządziła opis (NP)
    • TOR U/KC
    • c
    • Instytucja, która sporządziła rekord (NP)
    • TOR U/KC
    • d
    • Instytucja, która zmodyfikowała rekord (P)
    • TOR U/LF
    • d
    • Instytucja, która zmodyfikowała rekord (P)
    • TOR U/IMs
    • d
    • Instytucja, która zmodyfikowała rekord (P)
    • KR U/RB
942 -Rodzaj dokumentu [ , ]
    • c
    • Rodzaj dokumentu
    • Książka
245 -Strefa tytułu i oznaczenia odpowiedzialności [0,0]
    • a
    • Tytuł
    • Gotthold Ephraim Lessing, 1729 bis 1781 : Find
    • b
    • Ciąg dalszy tytułu (NP)
    • Ausstellung im Lessingshaus Herzog August Bibliothek Wolfenbüttel / Find
    • c
    • Pozostałe elementy strefy tytułu i oznaczenia odpowiedzialności (NP)
    • [Katalog: Wulf Piper].
260 -Strefa adresu wydawniczego [ , ]
    • a
    • Miejsce wydania (P)
    • Wolfenbüttel :
    • b
    • Nazwa wydawcy (P)
    • Herzog August Bibliothek,
    • c
    • Data wydania (P)
    • 1981.
300 -Strefa opisu fizycznego [ , ]
    • a
    • Określenie formy książki i/lub objętość (NP)
    • 227, [2] s., [3] s. tabl. kolor. :
    • b
    • Oznaczenie ilustracji (NP)
    • il. ;
    • c
    • Format (NP)
    • 26 cm.
336 -Typ zawartości [ , ]
    • a
    • Termin opisujący typ zawartości
    • Tekst
    • b
    • Kod określający zawartość
    • txt
    • 2
    • Źródło (terminu i kodu)
    • rdacontent
337 -Typ mediów [ , ]
    • a
    • Tryb odtwarzania
    • Bez urządzenia pośredniczącego
    • b
    • Kod typu mediów
    • n
    • 2
    • Źródło (terminu i kodu)
    • rdamedia
338 -Typ/rodzaj nośnika [ , ]
    • a
    • Hasło opisujące typ nośnika
    • Wolumin
    • b
    • Kod typu nośnika
    • nc
    • 2
    • Źródło (terminu i kodu)
    • rdacarrier
490 -Strefa serii i książki wielotomowej - forma nie do wyszukiwania [1, ]
    • a
    • Tytuł (P)
    • Ausstellungskataloge der Herzog August Bibliothek ; Find
    • v
    • Numeracja (P)
    • Nr. 31
830 -Hasło dodatkowe serii i opisu książki wielotomowej - tytuł ujednolicony/tytuł [ ,0]
    • a
    • Tytuł ujednolicony/tytuł (NP)
    • Ausstellungskataloge der Herzog August Bibliothek
    • x
    • ISSN
    • 0946-9923
    • v
    • Oznaczenie tomu (NP)
    • Nr. 31
    • 9
    • KHW
    • 531022
504 -Uwaga dot. bibliogr. załącznikowej [ , ]
    • a
    • Uwaga dot. bibliografii załącznikowej
    • Bibliogr. przy rozdz. Indeks.
600 -Hasło przedmiotowe w formie nazwy osobowej [1,7]
    • a
    • Nazwa osobowa
    • Lessing, Gotthold Ephraim
    • d
    • Daty związane z nazwą
    • (1729-1781)
    • v
    • Określnik formalny
    • katalogi wystaw.
    • 2
    • Źródło terminu
    • kaba
    • 9
    • KHW
    • 531391
700 -Hasło dodatkowe - nazwa osobowa [1, ]
    • a
    • Nazwa osobowa (NP)
    • Piper, Wulf. Find
    • e
    • Określenie rodzaju współpracy
    • Oprac.
    • 9
    • KHW
    • 531021
710 -Hasło dodatkowe - nazwa ciała zbiorowego [2, ]
    • a
    • Nazwa ciała zbiorowego lub nazwa geograficzna jako pierwszy element (NP)
    • Herzog August Bibliothek.
    • 9
    • KHW
    • 237541
920 -ISBN [ , ]
    • a
    • ISBN
    • 3-88373-013-0 Find
Data inwentaryzacji Lokalizacja Numer inwentarzowy Sygnatura Status udost.
1995-10-13BMG.11117Germ. Literaturozn. – Lessing 06-3